000 00335nam a22001337a 4500
003 OSt
005 20160727222458.0
008 160705b xxu||||| |||| 00| 0 eng d
100 _92217
_a Sumne, C.R
245 _aTammy out of Time
260 _aChicago
_b People's Book Club
_cMCMXLVIII
300 _aTammy out of Time
942 _2ddc
_cBK
999 _c1911
_d1911